000 00501nam a2200181Ia 4500
001 1124
005 20260306140608.0
008 260306t2016||||xx |||||||||||||| ||spa||
041 _aESP
082 _a184
_bG84M
100 _aGuardini, Romano
_eAUT
245 0 _aLa muerte de Sócrates:
_buna interpretación de los escritos platónicos Eutifrón, Apología, Critón y Fedón
260 _c2016
300 _a366 páginas :
_c21 cm.
650 _aGEN
654 _aCHU
942 _cLIB
_dJUS
_fJUS
_2ddc
_n
999 _c1124
_d1124